Hantu penangggal

Bibliographic Details
Main Author: Nik Amirul Mu'min Nik Amin
Format: Book
Published: Selangor : Hasrat Murni , 2005
Series:Himpunan cerita-cerita seram
Subjects:

MARC

LEADER 00000cam a2200000 7i4500
001 0000000880
005 20151222.0
008 070703
020 |a 9830602354 
020 |a 9830602400(set) 
090 0 0 |a JF   |b AD MAL (1044) 
100 0 |a Nik Amirul Mu'min Nik Amin 
245 1 0 |a Hantu penangggal   |c Nik Amirul Mu'min Nik Amin 
260 |a Selangor :   |b Hasrat Murni ,   |c 2005 
440 |a Himpunan cerita-cerita seram 
500 |a Children ages 7-9 years old (orange) 
650 0 |a Ghost stories, Malay 
650 0 |a Malay fiction 
999 |a 0000955264   |b Book   |c Children Collection   |e Perbadanan Perpustakaan Awam Johor 
999 |a 0000955265   |b Book   |c Children Collection   |e Perbadanan Perpustakaan Awam Johor 
999 |a 0000955266   |b Book   |c Children Collection   |e Perbadanan Perpustakaan Awam Johor 
999 |a 0000955267   |b Book   |c Children Collection   |e Perbadanan Perpustakaan Awam Johor 
999 |a 0000955784   |b Book   |c Children Collection   |e Cawangan Bandar Penawar 
999 |a 0000955785   |b Book   |c Children Collection   |e Cawangan Tmn. Ungku Tun Aminah 
999 |a 0001051880   |b Book   |c Children Collection   |e Cawangan Bandar Penawar